000
00257nam a2200109Ia 4500
008
170627s9999 xx 000 0 und d
100
_a
PETTIT LESIKAR
245
0
_a
BUSINESS COMMUNICATIONS
260
_b
AITBS
260
_c
2006
546
_a
ENGLISH
690
_a
BUSINESS COMMUNICATIONS
999
_c
35287
_d
35287